Top 5 Safest Countries by Region (2019 Data) - Statistics

General Stats
  • This quiz has been taken 516 times
  • The average score is 15 of 28
Answer Stats
Region Countries % Correct
North America Canada
87%
Oceania Australia
83%
Oceania New Zealand
81%
South America Chile
79%
Asia Japan
78%
South America Argentina
76%
South America Uruguay
74%
South America Peru
73%
Europe Denmark
72%
Europe Iceland
72%
South America Ecuador
65%
Asia Singapore
64%
North America Costa Rica
52%
North America Panama
50%
Asia Taiwan
49%
Europe Austria
47%
Oceania Papua New Guinea
45%
Europe Portugal
40%
North America Dominican Republic
38%
North America Jamaica
38%
Asia Qatar
35%
Africa Mauritius
33%
Africa Botswana
31%
Asia Malaysia
29%
Africa Ghana
25%
Europe Slovenia
25%
Africa Malawi
17%
Africa Zambia
17%
No matching quizzes found
Score Distribution
Percent of People with Each Score
Percentile by Number Answered
Your Score History
You have not taken this quiz